[Event "WA Class Championship - Master Section"]
[Site "Seattle"]
[Date "2007.11.24"]
[Round "3"]
[White "Gay, Daniel"]
[Black "Greninger, Harley"]
[Result "1/2-1/2"]
[WhiteElo "1996"]
[BlackElo "2247"]
[Annotator "Harrison"]
[PlyCount "28"]
[EventDate "2007.11.??"]
[Source "Drayton Harriso"]
[SourceDate "2007.12.23"]

1. e4 e6 2. d4 d5 3. exd5 {
White aims for a draw against his higher-rated opponent, and succeeds.} exd5 4.
Bd3 Bd6 5. c3 Ne7 6. Ne2 c6 7. Ng3 Bxg3 8. hxg3 Bf5 9. Bxf5 Nxf5 10. Qe2+ Qe7
11. Qxe7+ Nxe7 12. Bf4 Nd7 13. Kd2 Nf8 14. Bd6 Ne6 1/2-1/2

[Event "WA Class Championship - Master Section"]
[Site "Seattle"]
[Date "2007.11.24"]
[Round "3"]
[White "Lee, Michael"]
[Black "Roper, David"]
[Result "1/2-1/2"]
[WhiteElo "2262"]
[BlackElo "2250"]
[PlyCount "46"]
[EventDate "2007.11.??"]
[Source "Drayton Harriso"]
[SourceDate "2007.12.23"]

1. c4 f5 2. g3 g6 3. Bg2 Bg7 4. Nc3 d6 5. d4 Nf6 6. Nf3 O-O 7. O-O c6 8. d5 Bd7
9. Rb1 Na6 10. b3 Nc5 11. Nd4 Rc8 12. e3 a5 13. Qe2 Nce4 14. Nxe4 Nxe4 15. dxc6
bxc6 16. Bb2 Qe8 17. f3 Nf6 18. a4 Qd8 19. Bc3 Qc7 20. Qd2 Ra8 21. Qb2 Qb6 22.
Kh1 Rfe8 23. Nc2 e5 1/2-1/2

[Event "WA Class Championship - Master Section"]
[Site "Seattle"]
[Date "2007.11.24"]
[Round "3"]
[White "Davies, Noam"]
[Black "Graves, John"]
[Result "0-1"]
[WhiteElo "2046"]
[BlackElo "2254"]
[PlyCount "64"]
[EventDate "2007.11.??"]
[Source "Drayton Harriso"]
[SourceDate "2007.12.23"]

1. e4 e5 2. Nf3 Nc6 3. Bb5 a6 4. Ba4 Nf6 5. O-O b5 6. Bb3 Bc5 7. Re1 d6 8. h3
O-O 9. c3 Bb7 10. d4 Bb6 11. a3 Re8 12. Bc2 d5 13. exd5 Qxd5 14. Bb3 Qd6 15.
Be3 exd4 16. cxd4 Nxd4 17. Nbd2 Nxb3 18. Qxb3 Bxe3 19. Rxe3 Rxe3 20. Qxe3 c5
21. Nb3 c4 22. Nbd4 Qd5 23. Re1 h6 24. Qc3 Ne4 25. Qa5 Rc8 26. Rc1 Ng5 27. Qb6
Nxf3+ 28. Nxf3 Re8 29. Qd4 Re2 30. Qc3 Qf5 31. Kf1 Bxf3 32. gxf3 Re6 0-1

[Event "WA Class Championship - Master Section"]
[Site "Seattle"]
[Date "2007.11.24"]
[Round "3"]
[White "Sinanan, Josh"]
[Black "Cheng, Bindi"]
[Result "1/2-1/2"]
[WhiteElo "2180"]
[BlackElo "2201"]
[PlyCount "114"]
[EventDate "2007.11.??"]
[Source "Drayton Harriso"]
[SourceDate "2007.12.23"]

1. Nf3 d5 2. d4 Nf6 3. c4 c6 4. Nc3 a6 5. e3 g6 6. b3 Bg7 7. Bd3 O-O 8. O-O Bg4
9. h3 Bxf3 10. Qxf3 e6 11. Bb2 Nbd7 12. Rfd1 Re8 13. Bf1 Qe7 14. Qe2 h5 15. e4
Nxe4 16. Nxe4 dxe4 17. Qxe4 a5 18. Qc2 a4 19. Bc3 axb3 20. axb3 Qf6 21. Rac1
Nb6 22. Qb2 Qe7 23. Ra1 Reb8 24. Rxa8 Nxa8 25. Ra1 Nc7 26. Ra7 Qd8 27. Qa1 Na6
28. c5 Nc7 29. Qa5 Nd5 30. Qxd8+ Rxd8 31. Bb2 Rb8 32. Ra4 Bh6 33. Bc4 b5 34.
cxb6 Nxb6 35. Ra2 Nxc4 36. bxc4 Bg7 37. c5 Kf8 38. Kf1 Ke8 39. Ke2 Rb7 40. Kd3
Kd7 41. Kc4 Bf6 42. Bc3 Bd8 43. g4 hxg4 44. hxg4 Bc7 45. Ra1 Bb8 46. Bd2 Rb2
47. Kc3 Rb5 48. Kc4 Rb7 49. Be3 Rb2 50. Kc3 Rb5 51. Kc4 Bc7 52. Rh1 Bd8 53. Rh7
Ke8 54. Bf4 Be7 55. Rh8+ Kd7 56. Ra8 Rb7 57. Be5 Bd8 1/2-1/2

[Event "WA Class Championship - Master Section"]
[Site "Seattle"]
[Date "2007.11.24"]
[Round "3"]
[White "Perez, Ignacio"]
[Black "MacGregor, Michael"]
[Result "1/2-1/2"]
[WhiteElo "2273"]
[BlackElo "2194"]
[PlyCount "117"]
[EventDate "2007.11.??"]
[Source "Drayton Harriso"]
[SourceDate "2007.12.23"]

1. d4 Nf6 2. Nf3 g6 3. c4 Bg7 4. Nc3 d5 5. e3 O-O 6. h3 c5 7. cxd5 cxd4 8. exd4
Nxd5 9. Bc4 Nxc3 10. bxc3 Qc7 11. Qb3 Nc6 12. Be2 e5 13. Be3 Be6 14. Qb2 exd4
15. cxd4 Qa5+ 16. Kf1 Rad8 17. Rd1 Qxa2 18. Qxb7 Bc4 19. Bxc4 Qxc4+ 20. Kg1
Nxd4 21. Kh2 Nxf3+ 22. Qxf3 a5 23. Rxd8 Qc7+ 24. g3 Qxd8 25. Rd1 Qa8 26. Qf4
Qb7 27. Qa4 Qf3 28. Rd7 Rb8 29. Bc5 h5 30. Qa3 Qxa3 31. Bxa3 Ra8 32. Kg2 a4 33.
Kf1 Bf8 34. Rd3 Bxa3 35. Rxa3 Kf8 36. Ke2 Ke7 37. Kd3 f5 38. h4 Kf6 39. Kd4 Ra7
40. Kc5 f4 41. Kb6 Ra8 42. Kb7 Ra5 43. Kb6 Rf5 44. Rxa4 fxg3 45. fxg3 Rf3 46.
g4 Rg3 47. gxh5 gxh5 48. Kc5 Ke5 49. Ra5 Kf5 50. Kd4+ Kg4 51. Ke4 Rb3 52. Rg5+
Kxh4 53. Rg8 Kh3 54. Kf4 h4 55. Rg7 Kh2 56. Rh7 h3 57. Rg7 Rb8 58. Kf3 Rf8+ 59.
Ke2 1/2-1/2

[Event "WA Class Championship - Master Section"]
[Site "Seattle"]
[Date "2007.11.24"]
[Round "3"]
[White "Calpo, Benjamin"]
[Black "Rupel, David"]
[Result "1-0"]
[WhiteElo "2082"]
[BlackElo "2091"]
[PlyCount "61"]
[EventDate "2007.11.??"]
[Source "Drayton Harriso"]
[SourceDate "2007.12.23"]

1. e4 c5 2. Nf3 g6 3. Bc4 Nc6 4. c3 e6 5. O-O Nge7 6. Re1 Bg7 7. d4 cxd4 8.
cxd4 d5 9. exd5 exd5 10. Bb5 O-O 11. Bg5 Be6 12. Qd2 Qb6 13. Bxc6 Nxc6 14. Be3
Rad8 15. h3 h6 16. Nc3 Kh7 17. Rad1 Qa5 18. Bf4 Rfe8 19. Ne5 f6 20. Nf3 Bf7 21.
h4 h5 22. Re3 Rxe3 23. fxe3 Ne7 24. Qd3 Qb4 25. Qb5 Qxb5 26. Nxb5 Nf5 27. Rc1
Be8 28. Nc7 Bc6 29. b4 a6 30. a4 Bxa4 31. Rc5 {
Remaining moves unclear. White won on about move 58.} 1-0

[Event "WA Class Championship - Master Section"]
[Site "Seattle"]
[Date "2007.11.24"]
[Round "3"]
[White "Collyer, Curt"]
[Black "Davies, Lucas"]
[Result "1-0"]
[WhiteElo "2258"]
[BlackElo "2179"]
[Annotator "Harrison"]
[PlyCount "103"]
[EventDate "2007.11.??"]
[Source "Drayton Harriso"]
[SourceDate "2007.12.23"]

1. d4 Nf6 2. c4 g6 3. Nc3 Bg7 4. e4 d6 5. f3 O-O 6. Nge2 Nc6 7. d5 Ne5 8. Ng3
c5 9. f4 Ned7 10. Be2 a6 11. a4 Qc7 12. O-O e6 13. dxe6 fxe6 14. Kh1 b6 15. Qd3
Bb7 16. Rd1 Ne8 {Diagram #} 17. e5 $1 Rd8 18. exd6 Qb8 19. Bg4 e5 20. Be6+ Kh8
21. f5 $1 Ndf6 22. Bg5 $2 (22. d7 $16) 22... Rxd6 23. Qe2 Rd4 24. Be3 Rxd1+ 25.
Rxd1 Nc7 26. a5 Nxe6 27. fxe6 Qc7 28. axb6 $14 (28. Nd5 $16) 28... Qxb6 29. Na4
Qc6 $2 (29... Qxe6 $14) 30. Nxc5 Ba8 $2 31. Rd2 $6 Rb8 32. Nd7 $6 Nxd7 $2 33.
exd7 Rd8 34. Qg4 h5 35. Nxh5 $5 gxh5 36. Qxh5+ Kg8 37. h4 Kf8 38. Rf2+ Kg8 39.
Rd2 Kf8 40. Qg4 Bf6 41. Qg6 Ke7 {Diagram #} 42. Bg5 Bxg5 43. Qg7+ Ke6 44. hxg5
Kf5 45. Qe7 Rh8+ 46. Kg1 Qe4 47. Qf6+ Kg4 48. Qf3+ Qxf3 49. gxf3+ Bxf3 50. d8=Q
Rxd8 51. Rxd8 Kxg5 52. Kf2 1-0

[Event "WA Class Championship - Master Section"]
[Site "Seattle"]
[Date "2007.11.24"]
[Round "3"]
[White "Hadzic, Huso"]
[Black "Selzler, Ricky"]
[Result "0-1"]
[WhiteElo "2222"]
[BlackElo "2132"]
[PlyCount "81"]
[EventDate "2007.11.??"]
[Source "Drayton Harriso"]
[SourceDate "2007.12.23"]

1. e4 c5 2. Nf3 e6 3. d4 cxd4 4. Nxd4 Nf6 5. Nc3 d6 6. Be3 a6 7. Be2 Be7 8. O-O
O-O 9. f4 Qc7 10. Bf3 Nbd7 11. Qe1 Re8 12. g4 Nb6 13. Rd1 Bf8 14. g5 Nfd7 15.
Qf2 Nc4 16. Bc1 Ncb6 17. f5 Ne5 18. f6 Nbd7 19. fxg7 Bxg7 20. Kh1 b5 21. Bh5
Rf8 22. Ndxb5 axb5 23. Nxb5 Qc6 24. Nxd6 Bb7 25. Bf3 Rxa2 26. Bg2 Ba8 27. h4
Ra6 28. h5 Qc7 29. Nb5 Qc5 30. Nd4 Rd6 31. c3 Nc4 32. h6 Be5 33. b3 Ncb6 34.
Bb2 Qc8 35. Ba3 Nc5 36. Nf5 {Diagram #} Nxe4 37. Ne7+ Kh8 38. Qe3 Rxd1 39. Nxc8
Rxf1+ 40. Bxf1 Rxc8 41. Qxb6 (41. Qxb6 Rg8 42. Bg2 Rxg5 43. Bf8 $13) 0-1

[Event "WA Class Championship - Master Section"]
[Site "Seattle"]
[Date "2007.11.24"]
[Round "4"]
[White "Davies, Lucas"]
[Black "Greninger, Harley"]
[Result "1-0"]
[WhiteElo "2179"]
[BlackElo "2247"]
[Annotator "Harrison"]
[PlyCount "71"]
[EventDate "2007.11.??"]
[Source "Drayton Harriso"]
[SourceDate "2007.12.23"]

1. e4 c6 2. d4 d5 3. e5 Na6 $5 4. Nc3 Nc7 5. Be3 g6 6. f4 h5 $1 7. Be2 Nh6 8.
Nf3 Bg4 9. Qd2 Nf5 10. Bf2 Bh6 11. g3 Ne6 12. Nd1 a5 13. c3 Qd7 14. Ne3 Nxe3
15. Bxe3 Ng7 16. Kf2 a4 17. b3 O-O 18. Rhd1 Ra7 19. c4 Rfa8 20. b4 dxc4 21. d5
Ra6 22. Bxc4 Bxf3 23. Kxf3 b5 24. dxc6 Qg4+ 25. Kf2 Rxc6 $4 (25... bxc4 26. b5
Ra5 $13) 26. Bd5 Rac8 27. Bxc6 Rxc6 28. Rac1 Rxc1 29. Rxc1 Nf5 30. Rg1 h4 31.
Qe2 Qh3 32. Rg2 hxg3+ 33. hxg3 Qh1 34. Bc5 Qc1 35. Rg1 Qa3 36. Qd2 1-0

[Event "WA Class Championship - Master Section"]
[Site "Seattle"]
[Date "2007.11.24"]
[Round "4"]
[White "Roper, David"]
[Black "Koons, Nat"]
[Result "1/2-1/2"]
[WhiteElo "2250"]
[BlackElo "2313"]
[PlyCount "65"]
[EventDate "2007.11.??"]
[Source "Drayton Harriso"]
[SourceDate "2007.12.23"]

1. Nf3 Nf6 2. b3 c5 3. c4 g6 4. Bb2 Bg7 5. e4 Nc6 6. a3 O-O 7. Qc2 e6 8. Be2 d5
9. d3 Nd4 10. Nxd4 cxd4 11. exd5 exd5 12. c5 Ng4 13. Bxg4 Bxg4 14. O-O Re8 15.
f3 Bf5 16. Bc1 Qh4 17. g4 Re1 18. gxf5 Rae8 19. Qf2 Rxf1+ 20. Kxf1 Qh3+ 21. Kg1
Bf6 22. Qf1 Qh4 23. Bd2 Be5 24. Qf2 Qh3 25. Qg2 Bxh2+ 26. Qxh2 Qxf3 27. Nc3
dxc3 28. Bxc3 d4 29. fxg6 hxg6 30. Re1 Re3 31. Qb8+ Kh7 32. Qh2+ Kg8 33. Qb8+
1/2-1/2

[Event "WA Class Championship - Master Section"]
[Site "Seattle"]
[Date "2007.11.24"]
[Round "4"]
[White "MacGregor, Michael"]
[Black "Calpo, Benjamin"]
[Result "1-0"]
[WhiteElo "2194"]
[BlackElo "2082"]
[Annotator "Harrison"]
[PlyCount "39"]
[EventDate "2007.11.??"]
[Source "Drayton Harriso"]
[SourceDate "2007.12.23"]

1. e4 e5 2. Bc4 Nf6 3. d4 exd4 4. Nf3 b5 5. Bxb5 c5 6. O-O Be7 7. e5 Nd5 8. c3
a6 9. Ba4 g5 10. cxd4 c4 11. Nc3 Nf4 12. Bxf4 gxf4 13. Qd2 Bg5 14. Ne4 Bh6 15.
Qb4 Qe7 16. Nd6+ Kf8 17. Qxc4 Qe6 18. Qxc8+ Kg7 19. Qb7 Nc6 20. d5 (20. d5 Qxd5
21. Nf5+) 1-0

[Event "WA Class Championship - Master Section"]
[Site "Seattle"]
[Date "2007.11.24"]
[Round "4"]
[White "Rupel, David"]
[Black "Perez, Ignacio"]
[Result "0-1"]
[WhiteElo "2091"]
[BlackElo "2273"]
[PlyCount "71"]
[EventDate "2007.11.??"]
[Source "Drayton Harriso"]
[SourceDate "2007.12.23"]

1. d4 Nf6 2. c4 g6 3. Nc3 Bg7 4. e4 d6 5. Nge2 O-O 6. Ng3 e5 7. d5 a5 8. Be2
Na6 9. h4 c6 10. h5 Nc5 11. Be3 Bd7 12. Bd3 cxd5 13. cxd5 a4 14. hxg6 fxg6 15.
Be2 Qa5 16. Qd2 Rfc8 17. f3 b5 18. Nd1 b4 19. Rc1 Rc7 20. Nf2 Rac8 21. O-O h5
22. Nd3 h4 23. Nh1 Nxd3 24. Bxd3 a3 25. Nf2 Nh5 26. b3 Rc3 27. Rc2 Rxc2 28.
Bxc2 Ng3 29. Rc1 Qd8 30. Bd3 Rxc1+ 31. Qxc1 h3 32. Bg5 Bf6 33. Bxf6 Qxf6 34.
Qh6 hxg2 35. Kxg2 Nh5 36. Kf1 {
remaining moves unclear. Black won on about move 48.} 0-1

[Event "WA Class Championship - Master Section"]
[Site "Seattle"]
[Date "2007.11.24"]
[Round "4"]
[White "Cheng, Bindi"]
[Black "Collyer, Curt"]
[Result "0-1"]
[WhiteElo "2201"]
[BlackElo "2258"]
[PlyCount "124"]
[EventDate "2007.11.??"]
[Source "Drayton Harriso"]
[SourceDate "2007.12.23"]

1. c4 c5 2. Nf3 Nf6 3. Nc3 Nc6 4. e3 e5 5. d4 cxd4 6. exd4 e4 7. Ng5 Bb4 8. d5
Bxc3+ 9. bxc3 Na5 10. Ba3 d6 11. Qa4+ Bd7 12. Qb4 O-O 13. Qxd6 Re8 14. O-O-O h6
15. Nh3 b6 16. Be2 Rc8 17. Rd4 b5 18. Bb4 Nxc4 19. Qa6 Qb6 20. Qxb6 Nxb6 21.
Rhd1 Re5 22. Nf4 g5 23. Nh5 Nxh5 24. Bxh5 g4 25. h3 Rxh5 26. hxg4 Re5 27. Bd6
Rg5 28. Rh1 Rxd5 29. Rxd5 Nxd5 30. Rxh6 Rc6 31. g5 Nb6 32. g6 fxg6 33. Be5 Kf7
34. Bd4 Ke7 35. Rh4 Re6 36. Rh8 Kd6 37. Be3 Kc6 38. Kb2 Kb7 39. Rh7 Kc6 40. Bd4
Nc8 41. Kb3 Re7 42. Rh6 Be6+ 43. Kb4 Bf7 44. a4 bxa4 45. Kxa4 Rb7 46. f3 exf3
47. gxf3 Nd6 48. Rh8 Rb2 49. c4 Ra2+ 50. Kb4 a5+ 51. Kc3 Ra3+ 52. Kc2 Rxf3 53.
c5 Nb5 54. Bg1 a4 55. Rb8 Na3+ 56. Kd2 Nc4+ 57. Ke2 Rb3 58. Rf8 Bd5 59. Rf6+
Kb5 60. Rxg6 Rb2+ 61. Kd3 Ne5+ 62. Kc3 Rb3+ 0-1

[Event "WA Class Championship - Master Section"]
[Site "Seattle"]
[Date "2007.11.25"]
[Round "5"]
[White "Perez, Ignacio"]
[Black "Sinanan, Josh"]
[Result "1-0"]
[WhiteElo "2273"]
[BlackElo "2180"]
[PlyCount "107"]
[EventDate "2007.11.??"]
[Source "Drayton Harriso"]
[SourceDate "2007.12.23"]

1. e4 c5 2. Nf3 e6 3. d4 cxd4 4. Nxd4 Nc6 5. Nc3 Qc7 6. Nxc6 bxc6 7. Bd3 d5 8.
O-O Nf6 9. Qe2 Be7 10. Re1 O-O 11. e5 Nd7 12. Bf4 g6 13. h4 Bxh4 14. g3 Be7 15.
Kg2 Nc5 16. Rh1 Nxd3 17. cxd3 f5 18. exf6 Bd6 19. Bg5 Be5 20. Rh6 Bxf6 21. Bxf6
Rxf6 22. Rah1 Rf7 23. d4 Bd7 24. Na4 Raf8 25. f4 Bc8 26. Nc5 Re7 27. Qc2 Qa5
28. a3 Qb5 29. b3 Qa5 30. a4 Qb4 31. Qd3 a5 32. Qe3 Qb8 33. Qd2 Qb4 34. Qxb4
axb4 35. Nd3 Bd7 36. Ra1 Rb8 37. Kf3 Kg7 38. Rh2 Be8 39. Ne5 Rc7 40. Rc2 Kf6
41. Rac1 Rb6 42. Rc5 Ra6 43. g4 g5 44. Rh1 Bg6 45. Kg3 gxf4+ 46. Kxf4 Be4 47.
Rhc1 Ra8 48. Rxc6 Rxc6 49. Rxc6 Kg7 50. Rc7+ Kg8 51. Nd7 Bg6 52. Nf6+ Kh8 53.
Ke5 Ra6 54. Rb7 1-0

[Event "WA Class Championship - Master Section"]
[Site "Seattle"]
[Date "2007.11.25"]
[Round "5"]
[White "Bartron, Paul"]
[Black "Do, Nhon"]
[Result "1-0"]
[WhiteElo "2065"]
[BlackElo "2055"]
[PlyCount "101"]
[EventDate "2007.11.??"]
[Source "Drayton Harriso"]
[SourceDate "2007.12.23"]

1. e4 d6 2. d4 Nf6 3. Nc3 g6 4. f4 Bg7 5. Bc4 Nxe4 6. Bxf7+ Kxf7 7. Nxe4 Re8 8.
Nf3 Kg8 9. c3 Be6 10. O-O h6 11. Nh4 Nd7 12. d5 Bf7 13. f5 g5 14. Ng6 Nf6 15.
Nxf6+ exf6 16. h4 Re4 17. Qd3 Qe8 18. h5 c6 19. Bd2 cxd5 20. Rae1 Rc8 21. Re3
Bxg6 22. Qxd5+ Bf7 23. Qxe4 Qb5 24. b3 Qb6 25. Qd4 Qxd4 26. cxd4 Rc2 27. Bb4
Bf8 28. Rf2 Rc1+ 29. Kh2 Bxh5 30. Re6 Bf7 31. Ree2 a5 32. Ba3 Rd1 33. Rd2 Re1
34. Rc2 Re4 35. Rc8 Rxd4 36. Rfc2 Kg7 37. Bb2 Rf4 38. R2c7 Rxf5 39. Rd8 Kg8 40.
Rcc8 Rf2 41. Rxf8+ Kg7 42. Bd4 Rf4 43. Bc3 g4 44. Kg3 Rf5 45. Rfd8 Be6 46. Rc7+
Kg6 47. Re8 Bd5 48. Ree7 Kh5 49. Bd2 Bg8 50. Rg7 Rd5 51. Be3 1-0

[Event "WA Class Championship - Master Section"]
[Site "Seattle"]
[Date "2007.11.25"]
[Round "5"]
[White "Pupols, Viktors"]
[Black "Hadzic, Huso"]
[Result "1-0"]
[WhiteElo "2219"]
[BlackElo "2222"]
[PlyCount "79"]
[EventDate "2007.11.??"]
[Source "Drayton Harriso"]
[SourceDate "2007.12.23"]

1. e4 c5 2. d3 Nc6 3. g3 g6 4. Bg2 Bg7 5. c3 d6 6. f4 Nf6 7. Na3 O-O 8. Nf3 e5
9. O-O h6 10. Rb1 Be6 11. b3 Qc7 12. Nb5 Qd7 13. c4 a6 14. Nc3 Bh3 15. Bd2 b5
16. f5 Bxg2 17. Kxg2 Kh7 18. Ne1 Nd4 19. Ne2 b4 20. Nc2 a5 21. Ne3 a4 22. g4
axb3 23. axb3 Ra2 24. Rf2 Qb7 25. Ng3 Rfa8 26. Nd5 Nxd5 27. exd5 gxf5 28. gxf5
f6 29. Qh5 R8a7 30. Ne4 Qf7 31. Qxf7 Rxf7 32. Nxd6 Rf8 33. Ne4 Rc8 34. Be3
Rxf2+ 35. Kxf2 Kg8 36. Bxd4 exd4 37. Rg1 h5 38. Rg6 Kf8 39. Nxf6 Kf7 40. Ne4
1-0

[Event "WA Class Championship - Master Section"]
[Site "Seattle"]
[Date "2007.11.25"]
[Round "5"]
[White "Greninger, Harley"]
[Black "Rupel, David"]
[Result "1/2-1/2"]
[WhiteElo "2247"]
[BlackElo "2091"]
[PlyCount "34"]
[EventDate "2007.11.??"]
[Source "Drayton Harriso"]
[SourceDate "2007.12.23"]

1. d4 g6 2. e4 c5 3. c3 cxd4 4. cxd4 d5 5. e5 Nc6 6. Nc3 Nh6 7. h3 Nf5 8. Nf3
a6 9. Be2 b5 10. Bf4 Ng7 11. Qb3 Ne6 12. Qxd5 Qxd5 13. Nxd5 Bb7 14. Be3 Rd8 15.
Nc3 Nexd4 16. O-O-O Nxe2+ 17. Nxe2 Rc8 1/2-1/2

[Event "WA Class Championship - Master Section"]
[Site "Seattle"]
[Date "2007.11.25"]
[Round "5"]
[White "Collyer, Curt"]
[Black "Roper, David"]
[Result "0-1"]
[WhiteElo "2258"]
[BlackElo "2250"]
[PlyCount "60"]
[EventDate "2007.11.??"]
[Source "Drayton Harriso"]
[SourceDate "2007.12.23"]

1. d4 f5 2. c4 Nf6 3. Nf3 g6 4. Nc3 d6 5. e3 Bg7 6. Be2 O-O 7. b4 e5 8. dxe5
Ng4 9. Qb3 Nxe5 10. c5+ Kh8 11. cxd6 Qxd6 12. Nxe5 Bxe5 13. Bb2 Be6 14. Bc4
Bxc4 15. Qxc4 Qc6 16. Qb3 $4 Qxg2 17. O-O-O Qxf2 18. b5 c6 19. h4 cxb5 20. h5
g5 21. Rd5 Qxe3+ 22. Kb1 Nc6 23. Rhd1 Rad8 24. Rxe5 Nxe5 25. Rxd8 Rxd8 26. Qe6
Qd3+ 27. Ka1 Qd6 28. Qxf5 Rf8 29. Qxg5 Qf6 30. Ne4 Qxg5 0-1

[Event "WA Class Championship - Master Section"]
[Site "Seattle"]
[Date "2007.11.25"]
[Round "5"]
[White "Graves, John"]
[Black "Cheng, Bindi"]
[Result "0-1"]
[WhiteElo "2254"]
[BlackElo "2201"]
[PlyCount "70"]
[EventDate "2007.11.??"]
[Source "Drayton Harriso"]
[SourceDate "2007.12.23"]

1. d4 d5 2. c4 c6 3. Nf3 Nf6 4. Nc3 g6 5. Bf4 Bg7 6. e3 O-O 7. Qb3 Qa5 8. Bd3
Na6 9. O-O Nb4 10. Be2 dxc4 11. Bxc4 b5 12. Be2 Be6 13. Qd1 Nbd5 14. Nxd5 Bxd5
15. Ne5 Rfd8 16. Qc2 Rac8 17. Rfc1 c5 18. dxc5 Ne4 19. Nd3 Bc4 20. Ne5 Bd5 21.
Nd3 g5 22. b4 Qa3 23. Be5 Bxe5 24. Nxe5 Qxb4 25. a3 Qa5 26. Nd3 Nd2 27. Nb4 Be6
28. Rd1 Nb3 29. Rxd8+ Rxd8 30. Rd1 Rxd1+ 31. Bxd1 Qxa3 32. Qc3 a5 33. Nc6 Qxc5
34. Qxc5 Nxc5 35. Nxa5 b4 0-1

[Event "WA Class Championship - Master Section"]
[Site "Seattle"]
[Date "2007.11.25"]
[Round "6"]
[White "Rupel, David"]
[Black "Milner, Arie"]
[Result "1-0"]
[WhiteElo "2091"]
[BlackElo "1928"]
[PlyCount "53"]
[EventDate "2007.11.??"]
[Source "Drayton Harriso"]
[SourceDate "2007.12.23"]

{Milner joined the master section for the 6th round, otherwise both players
would have had a bye.} 1. d4 d5 2. Nf3 c6 3. g3 Nf6 4. Bg2 e6 5. O-O Nbd7 6.
Nbd2 Be7 7. c4 b6 8. Qc2 Bb7 9. h4 O-O 10. e4 dxe4 11. Ng5 h6 12. Ngxe4 Rc8 13.
b3 Ba8 14. Bb2 Rc7 15. Rad1 Nxe4 16. Nxe4 Nf6 17. Qe2 Rd7 18. a3 Qc7 19. d5
Nxe4 20. Bxe4 cxd5 21. Qg4 f6 22. Qxe6+ Kh8 23. Qf5 g6 24. Qxg6 dxe4 25. Qxh6+
Kg8 26. Qg6+ Kh8 27. Qh5+ (27. Qh5+ Kg8 28. Qg4+ Kh8 29. Rxd7) 1-0

[Event "WA Class Championship - Master Section"]
[Site "Seattle"]
[Date "2007.11.25"]
[Round "6"]
[White "Greninger, Harley"]
[Black "Hadzic, Huso"]
[Result "1/2-1/2"]
[WhiteElo "2247"]
[BlackElo "2222"]
[PlyCount "53"]
[EventDate "2007.11.??"]
[Source "Drayton Harriso"]
[SourceDate "2007.12.23"]

1. d4 Nf6 2. Nf3 e6 3. e3 d5 4. Bd3 Be7 5. b3 b6 6. Bb2 Bb7 7. O-O O-O 8. Nbd2
Nbd7 9. Ne5 c5 10. f4 Rc8 11. Qf3 Qc7 12. Qh3 Ne4 13. Ndf3 f5 14. g4 Nxe5 15.
Nxe5 Bd6 16. gxf5 exf5 17. Bxe4 dxe4 18. Rf2 Bxe5 19. dxe5 Bd5 20. Rd2 Rcd8 21.
Rad1 Be6 22. Rd6 Qe7 23. Qg2 Rd7 24. Rxd7 Bxd7 25. Rd6 Be6 26. Qd2 Re8 27. a4
1/2-1/2

[Event "WA Class Championship - Master Section"]
[Site "Seattle"]
[Date "2007.11.25"]
[Round "6"]
[White "Perez, Ignacio"]
[Black "Koons, Nat"]
[Result "1/2-1/2"]
[WhiteElo "2273"]
[BlackElo "2313"]
[PlyCount "101"]
[EventDate "2007.11.??"]
[Source "Drayton Harriso"]
[SourceDate "2007.12.23"]

1. e4 e5 2. Nf3 Nc6 3. Bb5 a6 4. Ba4 Nf6 5. O-O b5 6. Bb3 Be7 7. Re1 d6 8. c3
O-O 9. h3 Na5 10. Bc2 d5 11. d3 Nc6 12. Nbd2 dxe4 13. dxe4 Bd6 14. a4 Rb8 15.
axb5 axb5 16. b4 Ne7 17. Nb3 Ng6 18. Bd3 Nh5 19. Bf1 Nhf4 20. Kh2 f5 21. Bxf4
Nxf4 22. Nbd2 Qf6 23. g3 Ng6 24. Bg2 f4 25. Qe2 Bd7 26. Ra6 Ra8 27. Rea1 Rxa6
28. Rxa6 h6 29. Qd3 Ne7 30. Qb1 Nc8 31. Qa2+ Kh8 32. c4 Be6 33. Qc2 fxg3+ 34.
fxg3 Bxb4 35. cxb5 Nd6 36. Qxc7 Rc8 37. Qb6 Bd7 38. Ra2 Bxb5 39. Rb2 Bc5 40.
Qa5 Bd3 41. Qa4 Bf2 42. Qd7 Kh7 43. Qg4 Rc1 44. Nb3 Rc3 45. Rxf2 Rxb3 46. h4
Kh8 47. Rd2 Kh7 48. Qd7 Nxe4 49. Rxd3 Nc5 50. Qd5 Rxd3 51. Qxc5 1/2-1/2

[Event "WA Class Championship - Master Section"]
[Site "Seattle"]
[Date "2007.11.25"]
[Round "6"]
[White "Davies, Lucas"]
[Black "Sinanan, Josh"]
[Result "1-0"]
[WhiteElo "2179"]
[BlackElo "2180"]
[PlyCount "79"]
[EventDate "2007.11.??"]
[Source "Drayton Harriso"]
[SourceDate "2007.12.23"]

1. e4 c5 2. Nc3 e6 3. g3 Nc6 4. Bg2 g6 5. d3 Bg7 6. Be3 d6 7. Qd2 Nge7 8. Bh6
O-O 9. h4 f6 10. Bxg7 Kxg7 11. h5 g5 12. h6+ Kh8 13. f4 gxf4 14. gxf4 Qa5 15.
O-O-O b5 16. Kb1 b4 17. Nce2 e5 18. Bh3 Rb8 19. Nf3 a6 20. Qe1 Bxh3 21. Rxh3
Qc7 22. Qf2 Qd7 23. f5 Rf7 24. Rg1 Rg8 25. Ng3 Qd8 26. Nh5 Rxg1+ 27. Qxg1 Qf8
28. Ng7 Rxg7 29. hxg7+ Qxg7 30. Qxg7+ Kxg7 31. c3 a5 32. Kc2 Nc8 33. Nd2 Nb6
34. Nc4 Nxc4 35. dxc4 Nd8 36. cxb4 cxb4 37. Kb3 Nb7 38. Ka4 Nc5+ 39. Kxa5 Nxe4
40. Kxb4 1-0

[Event "WA Class Championship - Master Section"]
[Site "Seattle"]
[Date "2007.11.25"]
[Round "6"]
[White "Lee, Michael"]
[Black "MacGregor, Michael"]
[Result "1/2-1/2"]
[WhiteElo "2262"]
[BlackElo "2194"]
[Annotator "MacGregor"]
[PlyCount "114"]
[EventDate "2007.11.??"]
[Source "Drayton Harriso"]
[SourceDate "2007.12.23"]

1. c4 c6 2. Nc3 d5 3. cxd5 cxd5 4. d4 Nf6 5. Nf3 g6 (5... Nc6 {is the main line
}) 6. Bf4 Bg7 7. e3 O-O 8. Bd3 Nc6 9. h3 h6 $6 10. a3 Be6 11. b4 Rc8 12. Rc1 a5
13. b5 Nb8 14. O-O Nbd7 15. Na4 g5 16. Bh2 g4 17. hxg4 Bxg4 18. Rxc8 Qxc8 19.
Qd2 Ne4 20. Qxa5 Bxf3 21. gxf3 Ng5 22. Be2 Qc2 23. Bd1 Qg6 24. Bg3 h5 25. Qc7
Nf6 26. Kh1 Qf5 27. Qf4 Qh3+ 28. Kg1 Bh6 29. Bc2 h4 30. Bf5 hxg3 31. Qxg5+ Bxg5
32. Bxh3 Ra8 33. Nc5 Rxa3 (33... gxf2+) 34. f4 gxf2+ 35. Kxf2 Bxf4 36. Re1 b6
37. Nd7 {white offered a draw here} Ne4+ 38. Kf3 Bh6 39. Nxb6 e6 40. Bg2 Ra2 $2
(40... Nd6 $1 $19) 41. Re2 Rxe2 {After black trades his active piece for
white's inactive piece, the game is drawn now.} 42. Kxe2 Nc3+ 43. Kd3 Nxb5 44.
e4 dxe4+ 45. Bxe4 Nd6 46. Bf3 Kg7 47. Nd7 Bf4 48. Bd1 Bh2 49. Ne5 f5 50. Bb3
Bxe5 51. dxe5 Nb7 52. Kd4 (52. Bxe6 Nc5+) 52... Kf7 53. Ba2 Nd8 54. Ke3 Nc6 55.
Kf4 Ne7 56. Kg5 Ng6 57. Bb1 Nxe5 (57... Nxe5 58. Bxf5 exf5 59. Kxf5) 1/2-1/2